000 00658nam a2200157 a 4500
001 000028637
005 20200930055041.0
008 110411s1970 dr a 000 0 spa d
040 _aDO-SdBNP
_bspa
_cBNPHU
082 _axxx
_bR426u
110 1 _aRepública Dominicana, Secretaría de Estado de Finanzas.
_bDirección general de impuestos sobre la Renta.
_935549
245 1 4 _aUna ayuda al contribuyente :
_bpara la preparción de su declaración jurada/.
260 _a[Santo Domingo], :
_bRepública Dominicana, Secretaría de Estado de Finanzas.
_bDirección general de impuestos sobre la Renta.,
_c1970.
300 _a52 p. :
_bil. ;
_c14 cm.
049 _aBNPD
999 _c28129
_d28129